000 00315nam a22001217a 4500
005 20230722125845.0
008 230722b ||||| |||| 00| 0 eng d
040 _cAL
041 _aeng
245 _aStudy on problems faced by the teachers in dealing with learning disability
260 _c2003
942 _2ddc
_cBK
999 _c228092
_d228092